000 00585nam a2200217Ia 4500
005 20241129111429.0
008 241129s9999||||xx |||||||||||||| ||und||
020 _a978-93-90887-16-3
037 _aTB
040 _aCRL
_beng
_cCRL
041 _aurd
_2urd
084 _aO111,3N20,S 168R2
_qCRL
100 _aPuzo Mario Au.
245 0 _aSiciliano
_cPuzo Mario Au.
260 _aLucknow, India
_bMatterlink
_c2022
300 _a463p.
365 _aINR
_b800
650 _aEnglish LiteraturFiction
942 _cTB
_hO111,3N20,S 168R2
999 _c1230437
_d1230437